logo

Bir Sreshtho Munshi Abdur Rouf Library
Jhenaidah Cadet College

উচ্চ মাধ্যমিক রসায়ন দ্বিতীয় পত্র / (Record no. 7757)

MARC details
000 -LEADER
fixed length control field 00717nam a22002057a 4500
001 - CONTROL NUMBER
JCCL Control Number 7757
003 - CONTROL NUMBER IDENTIFIER
JCCL marc code BD-JhCC
005 - DATE AND TIME OF LATEST TRANSACTION
control field 20180213170612.0
008 - FIXED-LENGTH DATA ELEMENTS--GENERAL INFORMATION
fixed length control field 180213s2000 adl|| |||| 00| 0 d
035 ## - SYSTEM CONTROL NUMBER
system control number (BD-JhCC)7757
040 ## - CATALOGING SOURCE
Original cataloging agency BD-JhCC
Modifying agency BD-JhCC
041 ## - LANGUAGE CODE
Language code of Book ben
082 ## - DEWEY DECIMAL CLASSIFICATION NUMBER
Classification number 540
Author mark and Year KUN 2000
100 ## - MAIN ENTRY--PERSONAL NAME
Personal name কুণ্ডু, ডঃ কালিপদ
245 ## - TITLE STATEMENT
Title উচ্চ মাধ্যমিক রসায়ন দ্বিতীয় পত্র /
Statement of responsibility, etc ডঃ কালিপদ কুণ্ডু
260 ## - PUBLICATION, DISTRIBUTION, ETC. (IMPRINT)
Place of publication, distribution, etc ঢাকা
Name of publisher, distributor, etc মল্লিক ব্রাদার্স
Date of publication, distribution, etc ২০০০
300 ## - PHYSICAL DESCRIPTION
Pagination ৪৫৫ পৃ. :
Other physical details ill.;
Dimensions ২৩.৫ সেমি.
650 ## - SUBJECT ADDED ENTRY--TOPICAL TERM
Topical term or geographic name as entry element Chemistry
942 ## - ADDED ENTRY ELEMENTS (KOHA)
Source of classification or shelving scheme Dewey Decimal Classification
Koha item type Books
Holdings
Source of classification or shelving scheme Damaged status Not for loan Home library Current library Shelving location Date of accession Cost, normal purchase price Total Checkouts Full call number Barcode Date last seen Copy number Koha item type
Dewey Decimal Classification     JCC Rouf Library JCC Rouf Library General Stacks 02/13/2018 120.00   540 KUN 2000 9970 02/13/2018 C - 1 Books
Dewey Decimal Classification     JCC Rouf Library JCC Rouf Library   03/19/2019 102.00   540 KUN 2000 14700 05/09/2019 C-2 Books

JCC Library | Contacts | JCC Home

Last Update on 23 September 2017
Copyright @ 2017-2020 JCC Rouf Library
Rouf Library, Jhenidah Cadet College (JCC), Bangladesh